| 000 | 00749ntm a22002897a 4500 | ||
|---|---|---|---|
| 005 | 20220203120224.0 | ||
| 008 | 170502b xxu||||| |||| 00| 0 spa d | ||
| 020 | _a9788495818768 | ||
| 041 | _aspa | ||
| 082 | _a618.97 A833a | ||
| 245 | _aAsistencia domiciliaria para personas de la 3 edad | ||
| 260 | _aEspaña | ||
| 260 | _bLexus | ||
| 260 | _c2014 | ||
| 300 | _a216 páginas | ||
| 650 |
_aGERIATRÍA _9227 |
||
| 650 |
_aGERONTOLOGÍA _9226 |
||
| 650 |
_aENVEJECIMIENTO _91376 |
||
| 650 |
_aASISTENTE DEL ADULTO MAYOR _942450 |
||
| 650 |
_aNUTRICIÓN _962433 |
||
| 650 |
_aHIGIENE _912692 |
||
| 650 |
_aMOVILIDAD _942452 |
||
| 650 |
_aPSICOLOGÍA _9229 |
||
| 650 |
_aSEXUALIDAD _9230 |
||
| 650 |
_aENFERMEDADES _91305 |
||
| 942 | _cBK | ||
| 999 |
_c9350 _d9350 |
||